| 000 | 00609nam a2200241Ia 4500 | ||
|---|---|---|---|
| 008 | 210210b2018 xxu||||| |||| 00| 0 eng d | ||
| 020 | _a9788131609231 | ||
| 041 | _aeng | ||
| 082 | _a363.7 DOMG | ||
| 100 | _aDOMINELLI (Lena) | ||
| 245 | _aGreen social work: from environmental crises to environmental justice | ||
| 260 |
_aJaipur _bRawat Publications _c2018 |
||
| 300 | _axiv,244 | ||
| 650 | _awork:from | ||
| 650 | _ato | ||
| 650 | _asocial | ||
| 650 | _ajustice | ||
| 650 | _aGreen | ||
| 650 | _aenvironmental | ||
| 650 | _acrises | ||
| 690 | _aEnvironmental Protection | ||
| 906 | _a073109 | ||
| 999 |
_c123040 _d123040 |
||